000 00508nam a2200181Ia 4500
005 20250326123546.0
008 250326s9999 xx 000 0 und d
037 _aTextbook
040 _aFMSL
_beng
_cFMSL
041 _aeng
_2eng
084 _aB2893 L9;2
_qFMSL
100 _aHadley G
245 0 _aAnalysis of inventory systems
_cHadley G; Whitin T M
260 _aNew Jersey
_bNew Jersey, Prentice-Hall
_c1979
300 _a452p
942 _cTB
_hB2893 L9;2
999 _c1269913
_d1269913